Társadalmi és gazdasági változások hatása az öltözködésre
| Szerző: | |
|---|---|
| További közreműködők: | |
| Dokumentumtípus: | TDK dolgozat |
| Kulcsszavak: | 21. század divat koronavírus-járvány (COVID-19) pszichológia trendek |
| Online Access: | http://dolgozattar.uni-bge.hu/60519 |
MARC
| LEADER | 00000nta a2200000 i 4500 | ||
|---|---|---|---|
| 001 | dolg60519 | ||
| 005 | 20260416073836.0 | ||
| 008 | 260416suuuu hu o 000 hun d | ||
| 040 | |a BGE Dolgozattár Repozitórium |b hun | ||
| 041 | |a hu | ||
| 100 | 1 | |a Lázár Csenge Zita | |
| 245 | 1 | 0 | |a Társadalmi és gazdasági változások hatása az öltözködésre |c Lázár Csenge Zita |h [elektronikus dokumentum] |
| 516 | |a Students_Scientific_Association_paper | ||
| 520 | 3 | |a A kutatásomban bemutatom, hogy hogyan fejlődött az öltözködés, egymástól eltérő társadalmi normák és a fennálló gazdasági helyzet változásainak hatására. Hunyady György és Székely Mózes, Gazdaságpszichológia és Thorstein Velben, A dologtalan osztály elmélete szakirodalmának segítségével támasztom alá, hogy a ruházkodás nemzetközi szinten milyen kifejezőeszközökkel rendelkezik, és hogyan tükrözi egyúttal környezetét, kétirányú kommunikációt létrehozva. Célom különböző időszakok és stílusirányzatok bemutatásával alátámasztani, hogy miként képesek adott ruhadarabok státuszt szimbolizáló elemekként funkcionálni. Érintem a divat-és szépségipar adta lehetőséget az önkifejezés megvalósítására, és a fogyasztói szokásokból kialakuló problémákat. Megállapításom alapján, azonos jelentőséggel rendelkezik az öltözködés útján történő információ közvetítése különböző időszakokat átívelően. | |
| 695 | |a 21. század | ||
| 695 | |a divat | ||
| 695 | |a koronavírus-járvány (COVID-19) | ||
| 695 | |a pszichológia | ||
| 695 | |a trendek | ||
| 700 | 1 | |a Zelena Dr. habil András |e ths | |
| 856 | 4 | 0 | |u http://dolgozattar.uni-bge.hu/60519/1/TDK.Lazar.Csenge.pdf |z Dokumentum-elérés |
| 856 | 4 | 0 | |u http://dolgozattar.uni-bge.hu/60519/2/TDK_Szerz%C5%91i%20hozz%C3%A1j%C3%A1rul%C3%A1s%20nyilatkozat%202025.docx |z Dokumentum-elérés |
| 856 | 4 | 0 | |u http://dolgozattar.uni-bge.hu/60519/3/rezume.docx |z Dokumentum-elérés |
| 856 | 4 | 0 | |u http://dolgozattar.uni-bge.hu/60519/4/rezume%20%281%29.pdf |z Dokumentum-elérés |
| 856 | 4 | 0 | |u http://dolgozattar.uni-bge.hu/60519/5/L%C3%A1z%C3%A1r%20Csenge%20Zita_b%C3%ADr%C3%A1lat_tdk_2025.pdf |z Dokumentum-elérés |
| 856 | 4 | 0 | |u http://dolgozattar.uni-bge.hu/60519/6/Dolgozat_biralati_lap_2025_HU%20%20-%20L%C3%A1z%C3%A1r%20Csenge%202025.pdf |z Dokumentum-elérés |